000 01512cam a2200397 a 4500
001 14739727
003 2637
005 20260318110513.0
008 070220s2008 txua b s001 0 eng
010 _a 2007007186
015 _aGBA792675
_2bnb
016 7 _a014341407
_2Uk
020 _a9780292717091
_qcloth : alk. paper
020 _a0292717091
_qcloth : alk. paper
020 _a9780292717107
_qpbk. : alk. paper
020 _a0292717105
_qpbk. : alk. paper
035 _a14739727
035 _a(OCoLC)85162184
040 _aDLC
_cISTHMUS
_dBTCTA
_dBAKER
_dYDXCP
_dUKM
_dC#P
_dBWX
_dDLC
043 _an-us---
082 0 0 _a711 In 47
_222
100 1 _aGilderbloom, John Ingram /
245 1 0 _aInvisible city /
_bpoverty, housing, and new urbanism /
_cJohn Ingram Gilderbloom
260 _aAustin, TX :
_bUniversity of Texas Press,
_c2008.
300 _a263 pág. ;
_bill. ;
_c24 cm.
490 _aUrbanismo
600 _2John I
_aGilderbloom
_xUrbanismo
_vVivienda
650 0 _aUrbanismo
_vEstados Unidos
650 0 _aUrbanismo
_vVivienda
650 0 _aUrbanismo
_vViviendas Económicas
650 0 _aUrbanismo
_vAlojamientos
906 _a7
_bcbc
_corignew
_d1
_eecip
_f20
_gy-gencatlg
942 _2ddc
_cBK
_e1
_h711 In 47
_m711 In 47
_n0
999 _c12
_d12